Statistics for engineering and the sciences (Record no. 78844)
[ view plain ]
| 000 -LEADER | |
|---|---|
| fixed length control field | 00870nam a22002657a 4500 |
| 003 - CONTROL NUMBER IDENTIFIER | |
| control field | CBULib |
| 005 - DATE AND TIME OF LATEST TRANSACTION | |
| control field | 20240918140628.0 |
| 008 - FIXED-LENGTH DATA ELEMENTS--GENERAL INFORMATION | |
| fixed length control field | 230719b |||||||| |||| 00| 0 eng d |
| 020 ## - INTERNATIONAL STANDARD BOOK NUMBER | |
| International Standard Book Number | 9781498728850 |
| 040 ## - CATALOGING SOURCE | |
| Original cataloging agency | Library of Congress |
| Language of cataloging | English |
| Transcribing agency | CBULib |
| Modifying agency | CBULib |
| Description conventions | rda |
| 041 ## - LANGUAGE CODE | |
| Language code of text/sound track or separate title | eng |
| 050 ## - LIBRARY OF CONGRESS CALL NUMBER | |
| Classification number | QA 276 Men |
| 100 1# - MAIN ENTRY--PERSONAL NAME | |
| Personal name | Mendenhall, William M. |
| 9 (RLIN) | 123 |
| 245 ## - TITLE STATEMENT | |
| Title | Statistics for engineering and the sciences |
| Statement of responsibility, etc | / by William M. Mendenhall |
| 250 ## - EDITION STATEMENT | |
| Edition statement | Sixth edittion |
| 260 ## - PUBLICATION, DISTRIBUTION, ETC. (IMPRINT) | |
| Name of publisher, distributor, etc | CRC Press, |
| Date of publication, distribution, etc | 2015 |
| Place of publication, distribution, etc | London : |
| 300 ## - PHYSICAL DESCRIPTION | |
| Extent | xv,1166 pages : illustrations |
| 336 ## - CONTENT TYPE | |
| Source | rdacontent |
| Content type term | |
| Content type code | txt |
| 337 ## - MEDIA TYPE | |
| Source | rdamedia |
| Media type term | |
| Media type code | |
| 338 ## - CARRIER TYPE | |
| Source | rdacarrier |
| Carrier type term | Volume |
| 650 #0 - SUBJECT ADDED ENTRY--TOPICAL TERM | |
| Source of heading or term | Library of Congress |
| 9 (RLIN) | 127 |
| Topical term or geographic name as entry element | MATHEMATICS--DATA PROCESSING |
| 650 #0 - SUBJECT ADDED ENTRY--TOPICAL TERM | |
| Source of heading or term | Library of Congress |
| 9 (RLIN) | 124 |
| Topical term or geographic name as entry element | MATHEMATICAL STATISTICS |
| 700 1# - ADDED ENTRY--PERSONAL NAME | |
| 9 (RLIN) | 128 |
| Personal name | Sincich, Terry L. |
| 942 ## - ADDED ENTRY ELEMENTS (KOHA) | |
| Source of classification or shelving scheme | |
| Koha item type | MONOGRAPH |
| Withdrawn status | Lost status | Source of classification or shelving scheme | Damaged status | Not for loan | Collection code | Permanent Location | Current Location | Shelving location | Date acquired | Source of acquisition | Cost, normal purchase price | Full call number | Barcode | Date last seen | Copy number | Price effective from | Koha item type | Total Checkouts | Total Renewals | Date checked out |
|---|---|---|---|---|---|---|---|---|---|---|---|---|---|---|---|---|---|---|---|---|
| CBU-Lusaka Campus | CBU- LUSAKA CAMPUS | CBU- LUSAKA CAMPUS | General Stacks | 09/18/2024 | DON-BOOKAID | 90.00 | NA 2542.36 Als | 752680 | 05/29/2026 | 5 | 09/18/2024 | MONOGRAPH | 1 | 05/18/2026 | ||||||
| Mpika Library Collection | CBU-MPIKA LIBRARY, MPIKA CAMPUS. | CBU-MAIN LIBRARY, KITWE. | General Stacks | 06/06/2023 | DON-BOOKAID | 90.00 | QA 276 Men | 752335 | 06/06/2023 | 1 | 06/06/2023 | MONOGRAPH | ||||||||
| Main Library Open Access Collection | CBU-MAIN LIBRARY, KITWE. | CBU-MAIN LIBRARY, KITWE. | General Stacks | 11/17/2023 | DON-BOOKAID | 90.00 | QA 276 Men | 752336 | 02/03/2026 | 2 | 11/17/2023 | MONOGRAPH | 8 | 1 | 11/04/2025 | |||||
| CBU-Lusaka Campus | CBU- LUSAKA CAMPUS | CBU-MAIN LIBRARY, KITWE. | General Stacks | 09/18/2024 | DON-BOOKAID | 90.00 | NA 2542.36 Als | 752681 | 09/18/2024 | 3 | 09/18/2024 | MONOGRAPH |